[Event "Liguria Region-ch"]
[Site "Spotorno"]
[Date "2016.05.14"]
[Round "2"]
[White "Grasso, Gabriele"]
[Black "Mariani, Samuele"]
[Result "1-0"]
[WhiteElo "1720"]
[BlackElo "1440"]
[PlyCount "63"]
[EventDate "2016.05.13"]
[EventType "swiss"]
[EventRounds "5"]
[EventCountry "ITA"]
[SourceTitle "EXT 2018"]
[Source "ChessBase"]
[SourceDate "2017.10.13"]
[SourceVersion "1"]
[SourceVersionDate "2017.10.13"]
[SourceQuality "1"]

1. d4 d5 2. c4 e6 3. Nc3 Nf6 4. cxd5 exd5 5. Bg5 Bb4 6. Qc2 0-0 7. e3 Re8 8. Bd3 Qd7 9. Bxf6 gxf6 10. Bxh7+ Kf8 11. Bd3 c5 12. dxc5 d4 13. a3 Bxc3+ 14. bxc3 dxe3 15. 0-0-0 Qe7 16. Bb5 Nc6 17. Rd6 Rb8 18. Nf3 exf2 19. Qxf2 Qe3+ 20. Qxe3 Rxe3 21. Kd2 Re7 22. Re1 Rxe1 23. Kxe1 Be6 24. Bxc6 bxc6 25. Rxc6 Rb1+ 26. Kf2 Rb2+ 27. Kg3 Kg7 28. Nd4 Bd5 29. Nf5+ Kh7 30. Rxf6 Rxg2+ 31. Kh3 Rf2 32. Rh6+ 1-0